000 00352 a2200145 4500
020 _aN/S
040 _aULA-LD-MS
082 _a9(1)
_b327
100 _91006
_aSOARES,Joao
245 _aPortugal e a Guerra Civil de Espanha
260 _aLisboa ,
_bComissao organizadora da exposicao
_c1995.
300 _a196p
650 _aPolitica
942 _cLivros
999 _c2177
_d2177